000 00227nam a22001097a 4500
999 _c12225
_d12225
008 191126b ||||| |||| 00| 0 eng d
082 _a150
100 _aBraj Kumar
245 _aPsychology
250 _a2nd ed.
260 _c2016